|
|
|
|
| LEADER |
00000nam a2200000 a 4500 |
| 001 |
vtls001329035 |
| 003 |
SK-MaSNL |
| 005 |
20260301235636.0 |
| 008 |
251031s1956 xr 0 cze |
| 035 |
|
|
|a SNK000281872
|
| 040 |
|
|
|a SNK
|b slo
|c SNK
|e AACR2
|
| 041 |
0 |
|
|a cze
|
| 044 |
|
|
|a xr
|c CZ
|
| 100 |
1 |
|
|a Birjukova, Z. I.
|4 aut
|9 633159
|
| 240 |
1 |
0 |
|a Učenije I. P. Pavlova i voprosy sportivnoj trenirovky
|l Česky
|
| 245 |
1 |
|
|a Sportovní trening ve světle učení I. P. Pavlova
|c [autor:] Z. I. Birjukova ; z rus. orig. přel. Ant. Kučera
|
| 260 |
|
|
|a Praha
|b STN
|c 1956
|
| 300 |
|
|
|a 82 s.
|c 8°
|
| 700 |
1 |
|
|a Kučera, Ant.
|4 trl
|9 633160
|
| 999 |
|
|
|c 976012
|d 977942
|
| 952 |
|
|
|t P60, <04>, [BOOK], {604}
|a SNK
|b SNK
|y VYP
|7 0
|o snkIC 14071
|0 0
|1 0
|4 0
|d 1998-04-24
|l 0
|r 2005-01-02 00:00:00
|w 2026-02-24
|
| 952 |
|
|
|t P60, <04>, [BOOK], {604}
|a SNK
|b SNK
|y NEVYP
|7 0
|p 17A0142638
|o snkIC 14071 D1
|0 0
|1 1
|4 0
|d 1998-06-02
|l 0
|r 2005-01-02 00:00:00
|w 2026-02-24
|